| Tag |
First Indicator |
Second Indicator |
Subfields |
| LEADER |
00000cas a2200000 a 4500 |
| 001 |
in00000083268 |
| 005 |
20151008061212.0 |
| 008 |
810626c19829999wiufr1p 0uuua0engmd |
| 010 |
|
|
|a sc 82007214
|z sn 81001486
|
| 012 |
|
|
|a 2
|k 1
|l 1
|
| 022 |
0 |
|
|a 0277-2426
|
| 035 |
|
|
|a (OCoLC)07534225
|
| 035 |
|
|
|9 AAJ7537AM
|
| 037 |
|
|
|b University of Wisconsin Press, Journal Division, 114 N. Murray St., Madison, WI 53715
|
| 040 |
|
|
|a NSD
|c NSD
|d HUL
|d DLC
|d NST
|d TXA
|d UtOrBLW
|
| 042 |
|
|
|a nsdp
|a lc
|
| 049 |
|
|
|a TXAE
|
| 090 |
|
|
|a HD101
|b .L3
|
| 210 |
0 |
|
|a Landsc. j.
|
| 222 |
|
0 |
|a Landscape journal
|
| 245 |
0 |
0 |
|a Landscape journal.
|
| 264 |
|
1 |
|a Madison, WI :
|b University of Wisconsin Press,
|c [1982-]
|
| 264 |
|
4 |
|c ©1982-
|
| 300 |
|
|
|a volumes :
|b illustrations ;
|c 28 cm.
|
| 310 |
|
|
|a Semiannual
|
| 336 |
|
|
|a text
|b txt
|2 rdacontent
|
| 337 |
|
|
|a unmediated
|b n
|2 rdamedia
|
| 338 |
|
|
|a volume
|b nc
|2 rdacarrier
|
| 362 |
0 |
|
|a Vol. 1, no. 1 (spring 1982)-
|
| 550 |
|
|
|a Edited at the Dept. of Landscape Architecture, University of Wisconsin--Madison, in cooperation with the Council of Educators in Landscape Architecture.
|
| 650 |
|
0 |
|a Landscape architecture
|v Periodicals.
|
| 650 |
|
0 |
|a Land use
|x Research
|x Periodicals.
|
| 650 |
|
0 |
|a Landscape protection
|x Research
|x Periodicals.
|
| 710 |
2 |
|
|a University of Wisconsin--Madison.
|b Department of Landscape Architecture.
|
| 710 |
2 |
|
|a Council of Educators in Landscape Architecture.
|
| 999 |
|
|
|a MARS
|
| 999 |
f |
f |
|s 45db9b27-5fe8-3868-8da7-5d57baedd9be
|i 96e5ce86-7c08-30f5-99bd-cdc7ed6036b5
|t 0
|
| 952 |
f |
f |
|p ric
|a Texas A&M University
|b Rellis Campus
|c Joint Library Facility
|d Remote Storage
|t 0
|e HD101 .L3
|h Library of Congress classification
|i unmediated -- volume
|k v.9-10
|l 1990-1991
|m A14815596877
|
| 952 |
f |
f |
|p ric
|a Texas A&M University
|b Rellis Campus
|c Joint Library Facility
|d Remote Storage
|t 0
|e HD101 .L3
|h Library of Congress classification
|i unmediated -- volume
|k v.13-14
|l 1994-1995
|m A14820547744
|
| 952 |
f |
f |
|p ric
|a Texas A&M University
|b Rellis Campus
|c Joint Library Facility
|d Remote Storage
|t 0
|e HD101 .L3
|h Library of Congress classification
|i unmediated -- volume
|k v.1-2
|l 1982-1983
|m A14811407898
|
| 952 |
f |
f |
|p ric
|a Texas A&M University
|b Rellis Campus
|c Joint Library Facility
|d Remote Storage
|t 0
|e HD101 .L3
|h Library of Congress classification
|i unmediated -- volume
|k v.11-12
|l 1992-1993
|m A14818236743
|
| 952 |
f |
f |
|p ric
|a Texas A&M University
|b Rellis Campus
|c Joint Library Facility
|d Remote Storage
|t 0
|e HD101 .L3
|h Library of Congress classification
|i unmediated -- volume
|k v.25
|l 2006
|m A14835879601
|
| 952 |
f |
f |
|p ric
|a Texas A&M University
|b Rellis Campus
|c Joint Library Facility
|d Remote Storage
|t 0
|e HD101 .L3
|h Library of Congress classification
|i unmediated -- volume
|k v.7-8
|l 1988-1989
|m A14812874771
|
| 952 |
f |
f |
|p ric
|a Texas A&M University
|b Rellis Campus
|c Joint Library Facility
|d Remote Storage
|t 0
|e HD101 .L3
|h Library of Congress classification
|i unmediated -- volume
|k v.26
|l 2007
|m A14837139308
|
| 952 |
f |
f |
|p ric
|a Texas A&M University
|b Rellis Campus
|c Joint Library Facility
|d Remote Storage
|t 0
|e HD101 .L3
|h Library of Congress classification
|i unmediated -- volume
|k v.17:no.1
|l 1998
|m A14827334207
|
| 952 |
f |
f |
|p ric
|a Texas A&M University
|b Rellis Campus
|c Joint Library Facility
|d Remote Storage
|t 0
|e HD101 .L3
|h Library of Congress classification
|i unmediated -- volume
|k v.18
|l 1999
|m A14827333293
|
| 952 |
f |
f |
|p ric
|a Texas A&M University
|b Rellis Campus
|c Joint Library Facility
|d Remote Storage
|t 0
|e HD101 .L3
|h Library of Congress classification
|i unmediated -- volume
|k v.22
|l 2003
|m A14831491891
|
| 952 |
f |
f |
|p ric
|a Texas A&M University
|b Rellis Campus
|c Joint Library Facility
|d Remote Storage
|t 0
|e HD101 .L3
|h Library of Congress classification
|i unmediated -- volume
|k v.23
|l 2004
|m A14833728422
|
| 952 |
f |
f |
|p ric
|a Texas A&M University
|b Rellis Campus
|c Joint Library Facility
|d Remote Storage
|t 0
|e HD101 .L3
|h Library of Congress classification
|i unmediated -- volume
|k v.3-4
|l 1984-1985
|m A14811407903
|
| 952 |
f |
f |
|p ric
|a Texas A&M University
|b Rellis Campus
|c Joint Library Facility
|d Remote Storage
|t 0
|e HD101 .L3
|h Library of Congress classification
|i unmediated -- volume
|k v.19-20
|l 2000-2001
|m A14829659205
|
| 952 |
f |
f |
|p ric
|a Texas A&M University
|b Rellis Campus
|c Joint Library Facility
|d Remote Storage
|t 0
|e HD101 .L3
|h Library of Congress classification
|i unmediated -- volume
|k v.15-16
|l 1996-1997
|m A14824890351
|
| 952 |
f |
f |
|p ric
|a Texas A&M University
|b Rellis Campus
|c Joint Library Facility
|d Remote Storage
|t 0
|e HD101 .L3
|h Library of Congress classification
|i unmediated -- volume
|k v.21
|l 2002
|m A14831491930
|
| 952 |
f |
f |
|p ric
|a Texas A&M University
|b Rellis Campus
|c Joint Library Facility
|d Remote Storage
|t 0
|e HD101 .L3
|h Library of Congress classification
|i unmediated -- volume
|k v.28
|l 2009
|m A14839499877
|
| 952 |
f |
f |
|p ric
|a Texas A&M University
|b Rellis Campus
|c Joint Library Facility
|d Remote Storage
|t 0
|e HD101 .L3
|h Library of Congress classification
|i unmediated -- volume
|k v.27
|l 2008
|m A14838829760
|
| 952 |
f |
f |
|p ric
|a Texas A&M University
|b Rellis Campus
|c Joint Library Facility
|d Remote Storage
|t 0
|e HD101 .L3
|h Library of Congress classification
|i unmediated -- volume
|k v.24
|l 2005
|m A14834627700
|
| 952 |
f |
f |
|p ric
|a Texas A&M University
|b Rellis Campus
|c Joint Library Facility
|d Remote Storage
|t 0
|e HD101 .L3
|h Library of Congress classification
|i unmediated -- volume
|k v.5-6
|l 1986-1987
|m A14811407911
|
| 998 |
f |
f |
|a HD101 .L3
|s v.18-28 (1999-2009)
|t 0
|l Remote Storage
|